| 000 | 00831nam a2200313 a 4500 | ||
|---|---|---|---|
| 001 | 000107680 | ||
| 003 | CHAP | ||
| 005 | 20220329143939.0 | ||
| 008 | 131010s2011 mx a |r ||||||spa d | ||
| 010 | _a104142 | ||
| 011 | _a105114 | ||
| 020 | _a9789586828079 | ||
| 040 | _cCHAP | ||
| 082 | 0 | 4 |
_a621.64 _bC7 2011 |
| 100 | 1 |
_aCreus Solé, Antonio _928922 |
|
| 245 | 1 | 0 |
_aNeumática e hidráulica / _cpor Antonio Creus Solé. |
| 250 | _a2 ed. | ||
| 260 |
_aMéxico, D.F. : _bAlfaomega, _c2011. |
||
| 300 |
_axvi, 419 p. : _bil. |
||
| 590 |
_aE11695DGD _b10 _c20131010 _lUCH01 _h1412 |
||
| 650 | 1 | 4 |
_aBombas mecánicas. _913622 |
| 650 | 1 | 4 |
_aFluídos. _941896 |
| 650 | 1 | 4 |
_aHidráulica. _955219 |
| 650 | 1 | 4 |
_aMotores hidráulicos. _979102 |
| 650 | 1 | 4 |
_aNeumática. _980940 |
| 901 | _aBK | ||
| 942 | _cLIBRO | ||
| 942 | _n0 | ||
| 999 |
_c104142 _d104142 |
||